Normal view
MARC view
- التعليم -البلاد العربية -تقارير-التخطيط التربوي
Entry Topical Term
001 - CONTROL NUMBER
- control field: 57040
003 - CONTROL NUMBER IDENTIFIER
- control field: JO-AjAnu
005 - DATE AND TIME OF LATEST TRANSACTION
- control field: 20230606083337.0
008 - FIXED-LENGTH DATA ELEMENTS
- fixed length control field: 230606|| aca||aabn | a|a d
040 ## - CATALOGING SOURCE
- Original cataloging agency: JO-AjAnu
- Transcribing agency: JO-AjAnu
150 ## - HEADING--TOPICAL TERM
- Topical term or geographic name entry element: التعليم -البلاد العربية -تقارير-التخطيط التربوي
670 ## - SOURCE DATA FOUND
- Source citation: Work cat.: (JO-AjAnu)29105: تحرير ابراهيم ، سعد الدين , author 57039, تعليم الأمة العربية في القرن الحادي و العشرين التقرير التلخيص لمشروع مستقبل التعليم في الوطن العربي ، الكارثة او الأمل